Hàn Phi Tử
Sách giới thiệu về Hà Phi, tư tưởng gia cuối cùng của thời Tiên Tần, đã giúp Tần Thủy Hoàng thống nhất Trung Quốc. Học thuyết của Hàn là: Trọng cái thế, trọng pháp luật, và trọng thuật trừ gian....
Đã lưu trong:
| 主要作者: | |
|---|---|
| 格式: | 图书 |
| 语言: | Undetermined |
| 出版: |
Hà Nội
VHTT
1997
|
| 主题: | |
| 标签: |
添加标签
没有标签, 成为第一个标记此记录!
|
| Thư viện lưu trữ: | Trung tâm Học liệu Trường Đại học Cần Thơ |
|---|
| LEADER | 00787nam a2200181Ia 4500 | ||
|---|---|---|---|
| 001 | CTU_37478 | ||
| 008 | 210402s9999 xx 000 0 und d | ||
| 082 | |a 181.19 | ||
| 082 | |b L250 | ||
| 100 | |a Giản Chi | ||
| 245 | 0 | |a Hàn Phi Tử | |
| 245 | 0 | |c Giản Chi, Nguyễn Hiến Lê | |
| 260 | |a Hà Nội | ||
| 260 | |b VHTT | ||
| 260 | |c 1997 | ||
| 520 | |a Sách giới thiệu về Hà Phi, tư tưởng gia cuối cùng của thời Tiên Tần, đã giúp Tần Thủy Hoàng thống nhất Trung Quốc. Học thuyết của Hàn là: Trọng cái thế, trọng pháp luật, và trọng thuật trừ gian. | ||
| 650 | |a knowledge, theory of,philosophy, chinese | ||
| 980 | |a Trung tâm Học liệu Trường Đại học Cần Thơ | ||